Les pays qui n'ont eu que 1 joueur en Premier League - Statistiques

Statistiques générales
  • Ce quiz a été pris 19 fois
  • Le résultat moyen est 4 sur 18
Statistiques - réponses
Pays Clubs Joueurs % Correct
Arménie Manchester United / Arsenal FC Henrikh Mkhitaryan
100%
Kenya Southampton FC / Tottenham Hotspur Victor Wanyama
74%
Ouzbékistan Manchester City Abdukodir Khusanov
68%
République Dominicaine Leeds United Junior Firpo
42%
Bangladesh Leicester City Hamza Choudhury
21%
Tanzanie Aston Villa Mbawana Samatta
21%
Irak Ipswich Town Ali Al-Hamadi
16%
Syrie Brighton & Hove Albion Mahmoud Dahoud
16%
Philippines Fulham FC / Cardiff City Neil Etheridge
16%
Cuba Norwich City Onel Hernández
16%
Oman Wigan Athletic Ali Al-Habsi
11%
Indonésie Swansea City Jordi Amat
11%
Suriname West Bromwich Albion Ryan Donk
11%
République Centrafricaine Burnley FC Frédéric Nimani
5%
Îles Féroé Manchester City Gunnar Nielsen
5%
Guatemala Cardiff City Nathaniel Mendez-Laing
5%
Gibraltar Manchester United / Derby County / Southampton FC / Stoke City Danny Higginbotham
0%
Pakistan Fulham FC Zesh Rehman
0%
Aucun quiz correspondant
Distribution des résultats
% des personnes avec chaque résultat
Percentile par nombre de réponses
Votre historique - résultats
Vous n’avez pas pris ce quiz